000 00646nam a22001937a 4500
003 OSt
005 20251014014039.0
008 251014b |||||||| |||| 00| 0 eng d
020 _a978-971-574-160-6
040 _aDWCL-Admin lib
_cOC
082 _aCirc. 808.8 R789w 2010
100 _aRosales, Renato De Guzman
245 _aWorld literature: asian, african,islamic and south american /
_cRenato De Guzman Rosales
260 _a Quezon City:
_bKatha Pub. Co. , Inc. ,
_cc2010
300 _a xxi, 372 p. ;
_c26 cm.
504 _aIncludes bibliographical references.
650 _a1. Literature- Collections.
942 _2ddc
_cBK-CIRC
_kCirc.
_n0
999 _c4868
_d4868